All train stations in Shropshire - Statistics

General Stats
  • This quiz has been taken 62 times
  • The average score is 13 of 19
Answer Stats
Group Answer % Correct
Welsh Marches line Shrewsbury
100%
Welsh Marches line Ludlow
88%
Wolverhampton-Shrewsbury line Wellington
88%
Wolverhampton-Shrewsbury line Telford Central
81%
Welsh Marches line Wem
78%
Welsh Marches line Craven Arms
75%
Wolverhampton-Shrewsbury line Shifnal
72%
Wolverhampton-Shrewsbury line Albrighton
69%
Welsh Marches line Church Stretton
69%
Welsh Marches line Whitchurch
69%
Wolverhampton-Shrewsbury line Cosford
63%
Wolverhampton-Shrewsbury line Oakengates
63%
Welsh Marches line Prees
59%
Shrewsbury-Chester line Gobowen
56%
Heart of Wales line Knighton
50%
Welsh Marches line Yorton
50%
Heart of Wales line Hopton Heath
47%
Heart of Wales line Broome
41%
Heart of Wales line Bucknell
38%
No matching quizzes found
Score Distribution
Percent of People with Each Score
Percentile by Number Answered
Your Score History
You have not taken this quiz